| 000 | 00492nam a2200181 4500 | ||
|---|---|---|---|
| 001 | 3216 | ||
| 005 | 20230404125949.0 | ||
| 008 | 060907n1999 dr spa | ||
| 020 | _a155587830X | ||
| 035 | _9funglode3228 | ||
| 041 | _aEN | ||
| 050 | 1 | 4 | _a103 F 2538.5 G597f 1999 |
| 100 | _aCardoso, Fernando Henrique | ||
| 245 | 1 |
_aReinventing democracy in brazil / _cFernando Henrique Cardoso |
|
| 260 |
_aLondon : _bLynne Rienner, _c1999 |
||
| 300 | _avii 219 p. | ||
| 942 |
_2lcc _cbk |
||
| 999 |
_c8208 _d8208 |
||